000 00318nam a2200133Ia 4500
008 151001s9999||||xx |||||||||||||| ||und||
100 _aशशिकला साळगांवकर
245 _aजमान
250 _a1
260 _bक्ष
260 _c1994
300 _a128
365 _b21
999 _c970881
_d970878